00685nam a2200205Ia 450000100060000000800390000602000180004508200110006310000350007424500750010925000120018426000260019630000180022265300130024065300300025365300160028394200120029995201510031199900170046263725190902n2016 ii |||gr||||Z||||||asm a81-7339-347-8 a891.41 aBarua, Satya Prasad,eAuthor., 0aNatak Aru Abhinoy Prasanga /cBy Satya Prasad BaruahTextual Documents a2nd ed. aAssambBanalatac2016 apg242:c20cm. aAssamese aAssamese drama- Criticism aG- Assamese 2ddccBK 001040708General aSKBLbSKBLcG- Assamesed2019-09-02f00000g160.00l0o891.412609 Ba 288 Nap1480/cur2024-01-14 00:00:00t1w2019-09-02yBK c64827d64827